Verortete Herrschaft : Königspfalzen, Adelsburgen und Herrschaftsbildung in Niederlothringen während des frühen und hohen Mittelalters
| Weitere Verfasser: | , |
|---|---|
| Format: | Buch |
| Sprache: | German English Dutch |
| Veröffentlicht: |
Bielefeld : Verl. für Regionalgeschichte,
2014
|
| Mit dem übergeordneten Werk verknüpfte Titel: | Schriften der Heresbach-Stiftung Kalkar
Bd. 16 |
| Zugriff auf das übergeordnete Werk: | Schriften der Heresbach-Stiftung Kalkar |
| Schlagworte: | Geschichte 900-1250 Kongreß Niederlothringen <Herzogtum> König Adel Herrschaft Herzogtum Niederlothringen Königspfalz Burg Deutschland |
| Umfang: | 390 S. |
| LEADER | 01000cam a2200265 c 4500 | ||
|---|---|---|---|
| 001 | 796285721 | ||
| 003 | DE-627 | ||
| 005 | 20260423182912.0 | ||
| 007 | tu | ||
| 008 | 210928s2014 gw ||||| 00| ||ger c | ||
| 015 | |a 14,N36 |2 dnb | ||
| 016 | 7 | |a 1056836962 |2 DE-101 | |
| 020 | |a 9783895348266 |q Gb. : EUR 29.00 (DE), EUR 30.00 (AT), sfr 39.90 (freier Pr.) |9 978-3-89534-826-6 | ||
| 020 | |a 3895348260 |9 3-89534-826-0 | ||
| 024 | 3 | |a 9783895348266 | |
| 024 | 8 | |a 826 |q Best.-Nr. | |
| 028 | 5 | 2 | |a 826 |
| 035 | |a (DE-627)796285721 | ||
| 035 | |a (DE-576)420359648 | ||
| 035 | |a (DE-599)DNB1056836962 | ||
| 035 | |a (OCoLC)890019197 | ||
| 035 | |a (OCoLC)890019197 | ||
| 035 | |a (OCoLC)1078745028 | ||
| 035 | |a (OCoLC)903595175 | ||
| 040 | |a DE-627 |b ger |c DE-627 |e rakwb | ||
| 041 | |a ger |a eng |a dut | ||
| 044 | |c XA-DE-NW | ||
| 082 | 0 | |a 944.3802 |2 22/ger | |
| 082 | 0 | |a 943.02 |2 22/ger | |
| 082 | 0 | 4 | |a 943 |a 940 |q DNB |
| 082 | 0 | 4 | |a 940 |
| 084 | |a 8,1 |a 8,2 |2 ssgn | ||
| 084 | |a ND 9300 |q BVB |2 rvk |0 (DE-625)rvk/125179: | ||
| 084 | |a NR 8248 |2 rvk |0 (DE-625)rvk/129862: | ||
| 084 | |a NM 1400 |2 rvk |0 (DE-625)rvk/126291: | ||
| 084 | |a 15.41 |2 bkl | ||
| 084 | |a 15.65 |2 bkl | ||
| 090 | |a a | ||
| 245 | 0 | 0 | |a Verortete Herrschaft |b Königspfalzen, Adelsburgen und Herrschaftsbildung in Niederlothringen während des frühen und hohen Mittelalters |c hrsg. von Jens Lieven ... |
| 246 | 3 | 0 | |a Herrschaften |
| 263 | |a 201410 | ||
| 264 | 1 | |a Bielefeld |b Verl. für Regionalgeschichte |c 2014 | |
| 300 | |a 390 S. |b Ill., graph. Darst., Kt. |c 240 mm x 160 mm | ||
| 336 | |a Text |b txt |2 rdacontent | ||
| 337 | |a ohne Hilfsmittel zu benutzen |b n |2 rdamedia | ||
| 338 | |a Band |b nc |2 rdacarrier | ||
| 490 | 1 | |a Schriften der Heresbach-Stiftung Kalkar |v Bd. 16 | |
| 500 | |a Beitr. und Zsfassungen teilw. dt., teilw. niederländ., teilw. engl. - Tagung auf der Wasserburg in Rindern am 23. und 24. Februar 2014 | ||
| 546 | |a Beitr. überw. dt., teilw. engl., teilw. niederländ. | ||
| 650 | 4 | |a Geschichte 900-1250 |7 (dpeaa)DE-2491 | |
| 650 | 4 | |a Kongreß |7 (dpeaa)DE-2491 | |
| 650 | 4 | |a Niederlothringen <Herzogtum> |7 (dpeaa)DE-2491 | |
| 650 | 4 | |a König |7 (dpeaa)DE-2491 | |
| 650 | 4 | |a Adel |7 (dpeaa)DE-2491 | |
| 650 | 4 | |a Herrschaft |7 (dpeaa)DE-2491 | |
| 655 | 7 | |a Konferenzschrift |y 23.02.2012-24.02.2012 |z Rindern |0 (DE-588)1071861417 |0 (DE-627)826484824 |0 (DE-576)433375485 |2 gnd-content | |
| 689 | 0 | 0 | |D g |0 (DE-588)4042206-9 |0 (DE-627)106215655 |0 (DE-576)209049057 |a Herzogtum Niederlothringen |2 gnd |
| 689 | 0 | 1 | |D s |0 (DE-588)4073567-9 |0 (DE-627)106092065 |0 (DE-576)209190884 |a Königspfalz |2 gnd |
| 689 | 0 | 2 | |D s |0 (DE-588)4009104-1 |0 (DE-627)106364677 |0 (DE-576)208880399 |a Burg |2 gnd |
| 689 | 0 | 3 | |D s |0 (DE-588)4024596-2 |0 (DE-627)104270667 |0 (DE-576)208956298 |a Herrschaft |2 gnd |
| 689 | 0 | 4 | |D g |0 (DE-588)4011882-4 |0 (DE-627)104704861 |0 (DE-576)208896155 |a Deutschland |2 gnd |
| 689 | 0 | 5 | |A z |2 gnd |a Geschichte 800-1300 |
| 689 | 0 | |5 DE-101 | |
| 700 | 1 | |a Lieven, Jens |d 1972- |e hrsg |0 (DE-588)115288759 |0 (DE-627)660899213 |0 (DE-576)344775658 |4 edt | |
| 711 | 2 | 9 | |a Tagung |c Rindern |d 2012.02.23-24 |
| 787 | 0 | 8 | |i Rezensiert in |a Martine, Tristan, 1988 - |t Rezension von Jens Lieven: Bert Thissen Ronald Wientjes (Hg.) |d 2016 |w (DE-627)1767030754 |
| 810 | 2 | |a Heresbach-Stiftung |t Schriften der Heresbach-Stiftung Kalkar |v 16 |9 16 |w (DE-627)514832169 |w (DE-576)044794339 |w (DE-600)2243818-X |x 1439-8761 |7 am | |
| 856 | 4 | 2 | |u http://deposit.dnb.de/cgi-bin/dokserv?id=4760939&prov=M&dok_var=1&dok_ext=htm |m X: MVB |q text/html |v 2014-09-03 |x Verlag |3 Inhaltstext |7 1 |
| 856 | 4 | 2 | |u http://d-nb.info/1056836962/04 |m B:DE-101 |q application/pdf |3 Inhaltsverzeichnis |7 1 |
| 912 | |a GBV_ILN_21 | ||
| 912 | |a ISIL_DE-46 | ||
| 912 | |a SYSFLAG_1 | ||
| 912 | |a GBV_KXP | ||
| 912 | |a GBV_ILN_22 | ||
| 912 | |a ISIL_DE-18 | ||
| 912 | |a GBV_ILN_24 | ||
| 912 | |a ISIL_DE-8 | ||
| 912 | |a GBV_ILN_24_f044 | ||
| 912 | |a GBV_ILN_40 | ||
| 912 | |a ISIL_DE-7 | ||
| 912 | |a GBV_ILN_40_i053 | ||
| 912 | |a GBV_ILN_50 | ||
| 912 | |a ISIL_DE-23 | ||
| 912 | |a GBV_ILN_72 | ||
| 912 | |a ISIL_DE-35 | ||
| 912 | |a GBV_ILN_120 | ||
| 912 | |a ISIL_DE-715 | ||
| 912 | |a GBV_ILN_350 | ||
| 912 | |a ISIL_DE-2795 | ||
| 912 | |a GBV_ILN_350_ | ||
| 912 | |a GBV_ILN_737 | ||
| 912 | |a GBV_ILN_813 | ||
| 912 | |a ISIL_DE-Mue73 | ||
| 912 | |a GBV_ILN_2003 | ||
| 912 | |a ISIL_DE-25 | ||
| 912 | |a GBV_ILN_2005 | ||
| 912 | |a ISIL_DE-291-313 | ||
| 912 | |a GBV_ILN_2007 | ||
| 912 | |a ISIL_DE-352 | ||
| 912 | |a GBV_ILN_2008 | ||
| 912 | |a ISIL_DE-24 | ||
| 912 | |a GBV_ILN_2010 | ||
| 912 | |a ISIL_DE-15 | ||
| 912 | |a GBV_ILN_2011 | ||
| 912 | |a ISIL_DE-16 | ||
| 912 | |a GBV_ILN_2046 | ||
| 912 | |a ISIL_DE-N1 | ||
| 912 | |a GBV_ILN_2056 | ||
| 912 | |a ISIL_DE-2491 | ||
| 935 | |i sf | ||
| 935 | |i Blocktest | ||
| 936 | r | v | |a ND 9300 |b Burgen- und Schlösserkunde |k Geschichte |k Historische Hilfswissenschaften |k Varia |k Burgen- und Schlösserkunde |0 (DE-627)1270962639 |0 (DE-625)rvk/125179: |0 (DE-576)200962639 |
| 936 | r | v | |a NR 8248 |b Burgen, Schlösser, Residenzen und Herrensitze |k Geschichte |k Landes- und Stadtgeschichte (Allgemeine, Deutsche und Österreichische Landes- und Stadtgeschichte, Ausländische Stadtgeschichte, Geschichte der Auslanddeutschen) |k Deutsche Landesgeschichte im Einzelnen (einschl. ehemaliger deutscher Gebiete) |k Elsass-Lothringen |k Burgen, Schlösser, Residenzen und Herrensitze |0 (DE-627)1271474697 |0 (DE-625)rvk/129862: |0 (DE-576)201474697 |
| 936 | r | v | |a NM 1400 |b Kirchengeschichte, Geistes- und Kulturgeschichte |k Geschichte |k Geschichte des Mittelalters |k Quellen und Darstellungen zum Gesamtzeitraum |k Darstellungen |k Kirchengeschichte, Geistes- und Kulturgeschichte |0 (DE-627)1270944614 |0 (DE-625)rvk/126291: |0 (DE-576)200944614 |
| 936 | b | k | |a 15.41 |j Deutsche Geschichte bis 1499 |x Deutsche Geschichte |0 (DE-627)18156971X |
| 936 | b | k | |a 15.65 |j Frankreich |x Geschichte |0 (DE-627)181571641 |
| 951 | |a BO | ||
| 953 | |2 045F |a 944.3802 |u https://www.gbv.de/dms/ddc/944.3802.pdf | ||
| 953 | |2 045F |a 943.02 |u https://www.gbv.de/dms/ddc/943.02.pdf | ||
| 980 | |2 21 |1 01 |x 0046 |b 1614792089 |c 00 |f Magazin |d 02.p.3075 |e u |j --%%-- |h mislibr |y zza |z 09-11-16 | ||
| 980 | |2 22 |1 01 |x 0018 |b 1545708738 |c 00 |f SUB-SB |d A 2015/4032 |e u |j --%%-- |y zu |z 03-08-15 | ||
| 980 | |2 24 |1 01 |x 0008 |b 1528236416 |c 00 |f 10 gsd 137 |d Bu 7133 |e u |j --%%-- |h hb |y zz1 |z 26-02-15 | ||
| 980 | |2 24 |1 02 |x 0008 |b 1594320667 |c 00 |f 8/44 |d DL-K 003/2014 |e i |j --%%-- |h fa |y zf044 |z 13-01-16 | ||
| 980 | |2 40 |1 01 |x 0007 |b 1626800871 |c 00 |f BBK-HIST |d D V 4387 |e i |j --%%-- |c 05 |f FMAG |d 2016 A 30723 |e u |j --%%-- |y zi053 |z 25-07-16 | ||
| 980 | |2 50 |1 01 |x 0023 |b 1534596755 |c 00 |f --%%-- |d 66.245 |e u |j --%%-- |y k |z 09-02-16 | ||
| 980 | |2 72 |1 01 |x 0035 |b 1525609890 |c 00 |f ZEN |d 2015/4589 |e u |j --%%-- |c 09 |f ZEN |d 2015/4589 |e --%%-- |j --%%-- |y kz |z 16-02-15 | ||
| 980 | |2 120 |1 01 |x 0715 |b 1543235395 |c 00 |f --%%-- |d hil 685 DC 3386 |e u |j --%%-- |h alma |y z |z 15-06-15 | ||
| 980 | |2 350 |1 01 |x 8293 |b 1530568978 |c 00 |f MAG3 |d Jf 3225 |e i |j --%%-- |y z |z 13-03-15 | ||
| 980 | |2 737 |1 01 |x 4737/0007 |b 4233518308 |c 00 |f waa-bib |d HB 106 |e u |j --%%-- |k Beitr. überw. dt., teilw. engl., teilw. niederl. |y nwaa |z 05-12-22 | ||
| 980 | |2 813 |1 01 |x 4813 |b 439079745X |c 00 |f DMAG |d 15:0652 |e u |j --%%-- |y ndbm |z 05-10-23 | ||
| 980 | |2 813 |1 02 |x 4813 |b 4390797468 |c 00 |f ESBX |d GE 054-9901 |e i |j --%%-- |c 01 |f --%%-- |d X1 07519 |e --%%-- |j --%%-- |y ndbm |z 05-10-23 | ||
| 980 | |2 2003 |1 01 |x DE-25 |b 3167440627 |c 00 |f --%%-- |d GE 2015/1136 |e --%%-- |j --%%-- |y l01 |z 02-12-14 | ||
| 980 | |2 2005 |1 01 |x DE-291-313 |b 3167440716 |c 00 |f --%%-- |d L IV r 21 |e p |j --%%-- |y l01 |z 07-08-18 | ||
| 980 | |2 2007 |1 01 |x DE-352 |b 3167440791 |c 00 |f --%%-- |d --%%-- |e --%%-- |j --%%-- |y l01 |z 11-11-16 | ||
| 980 | |2 2008 |1 01 |x DE-24 |b 3167440902 |c 00 |f --%%-- |d 65/7312 |e --%%-- |j --%%-- |c 01 |f Freihand |d NR 8248 65/7312 |e --%%-- |j --%%-- |y l01 |z 22-04-15 | ||
| 980 | |2 2010 |1 01 |x DE-15 |b 3167440961 |c 00 |f --%%-- |d --%%-- |e --%%-- |j --%%-- |y l01 |z 04-08-17 | ||
| 980 | |2 2011 |1 01 |x DE-16 |b 3167441046 |c 00 |f --%%-- |d 2015 A 6362 |e --%%-- |j --%%-- |y l01 |z 07-05-15 | ||
| 980 | |2 2046 |1 01 |x DE-N1 |b 3167441186 |c 00 |f --%%-- |d --%%-- |e p |j --%%-- |y l01 |z 12-02-16 | ||
| 980 | |2 2056 |1 01 |x DE-2491 |b 3808052449 |c 00 |f --%%-- |d Ka 1178 s |e --%%-- |j n |y l01 |z 23-07-20 | ||
| 982 | |2 737 |1 00 |x 4737 |8 00 |a Herzogtum Niederlothringen | ||
| 982 | |2 737 |1 00 |x 4737 |8 01 |s s |a Königspfalz | ||
| 982 | |2 737 |1 00 |x 4737 |8 02 |s s |a Burg | ||
| 982 | |2 737 |1 00 |x 4737 |8 03 |s s |a Herrschaft | ||
| 982 | |2 737 |1 00 |x 4737 |8 04 |a Geschichte 800-1300 | ||
| 982 | |2 737 |1 00 |x 4737 |8 05 |s s |a Kongress | ||
| 982 | |2 737 |1 00 |x 4737 |8 06 |a Rindern <2012> | ||
| 982 | |2 813 |1 00 |x DE-Mue73 |8 00 |a Lothringen / Königspfalz / Adel / Herrschaft / Mittelalter / Geschichte / Aufsatzsammlung | ||
| 982 | |2 2056 |1 01 |x DE-2491 |8 00 |s s |a Bassa Lorena <ducato> | ||
| 982 | |2 2056 |1 01 |x DE-2491 |8 01 |s s |a storia medievale <X-XIII secolo> | ||
| 982 | |2 2056 |1 01 |x DE-2491 |8 02 |s s |a re | ||
| 982 | |2 2056 |1 01 |x DE-2491 |8 02 |s s |a nobiltà | ||
| 982 | |2 2056 |1 01 |x DE-2491 |8 02 |s s |a potere | ||
| 982 | |2 2056 |1 01 |x DE-2491 |8 03 |s s |a convegno | ||
| 983 | |2 21 |1 00 |x DE-46 |8 30 |a hil 617 | ||
| 983 | |2 21 |1 00 |x DE-46 |8 99 |a 24 | ||
| 983 | |2 24 |1 01 |x 0008 |8 50 |0 (DE-627)252825411 |a gsd 137 |b Niederlothringen <Herzogtum> | ||
| 983 | |2 24 |1 01 |x 0008 |8 60 |0 (DE-627)058573216 |a reg 24.3 |b Frankreich | ||
| 983 | |2 40 |1 00 |x DE-7 |8 00 |0 (DE-627)621353280 |a PIC 200 |b Darstellungen {Deutsche Geschichte: Merowinger und Karolinger} | ||
| 983 | |2 40 |1 00 |x DE-7 |8 01 |0 (DE-627)621353426 |a PID 200 |b Darstellungen {Deutsche Geschichte: Ottonen, Salier und Staufer} | ||
| 983 | |2 40 |1 00 |x DE-7 |8 02 |0 (DE-627)621365467 |a PPA 210 |b Bis 987 {Geschichte Frankreichs : Mittelalter} | ||
| 983 | |2 40 |1 00 |x DE-7 |8 03 |0 (DE-627)621365475 |a PPA 220 |b 987-1328 {Geschichte Frankreichs : Mittelalter} | ||
| 983 | |2 120 |1 00 |x DE-715 |8 00 |a hil 685 | ||
| 983 | |2 120 |1 01 |x 0715 |8 00 |a hil 685 | ||
| 984 | |2 21 |1 01 |x 0046 |a 46$0005773121 | ||
| 984 | |2 22 |1 01 |x 0018 |a 945987642 | ||
| 984 | |2 24 |1 01 |x 0008 |a 8$0001870459 | ||
| 984 | |2 40 |1 01 |x 0007 |a 7$234434120 | ||
| 984 | |2 50 |1 01 |x 0023 |a 23$13727052 | ||
| 984 | |2 72 |1 01 |x 0035 |a 35$037802720 | ||
| 984 | |2 120 |1 01 |x 0715 |a 26159159 | ||
| 984 | |2 350 |1 01 |x 8293 |a 8293000507965 | ||
| 984 | |2 813 |1 01 |x 4813 |a 0000984291 | ||
| 984 | |2 813 |1 02 |x 4813 |a 0001162519 | ||
| 984 | |2 2011 |1 01 |x DE-16 |a 104736477 | ||
| 985 | |2 21 |1 01 |x 0046 |a 2016-09055 | ||
| 985 | |2 24 |1 02 |x 0008 |a 2015/51002 | ||
| 985 | |2 40 |1 01 |x 0007 |a 2017.0033 | ||
| 985 | |2 50 |1 01 |x 0023 |a 66/000245 | ||
| 985 | |2 72 |1 01 |x 0035 |a 35$037802720 | ||
| 985 | |2 120 |1 01 |x 0715 |a DC 3386 | ||
| 985 | |2 350 |1 01 |x 8293 |a 2015/0591 | ||
| 985 | |2 737 |1 01 |x 4737/0007 |a 319/15 | ||
| 985 | |2 813 |1 01 |x 4813 |a 15:01065 | ||
| 985 | |2 813 |1 02 |x 4813 |a 20271 | ||
| 985 | |2 2005 |1 01 |x DE-291-313 |a 2018-514 | ||
| 985 | |2 2056 |1 01 |x DE-2491 |a 2015.196 | ||
| 995 | |2 21 |1 01 |x 0046 |a mislibr | ||
| 995 | |2 21 |1 01 |x 0046 |a Aufsätze | ||
| 995 | |2 24 |1 01 |x 0008 |a hb | ||
| 995 | |2 24 |1 02 |x 0008 |a fa | ||
| 995 | |2 120 |1 01 |x 0715 |a alma | ||
| 998 | |2 2003 |1 01 |x DE-25 |0 1511 |f 39a | ||
| 998 | |2 2005 |1 01 |x DE-291-313 |0 1808 |f FMA | ||